| 000 | 00840nam a2200301 a 4500 | ||
|---|---|---|---|
| 003 | AR-BaBNM | ||
| 005 | 20251128205358.0 | ||
| 008 | 082120s2002 ||||||||||||||000 | spa|| | ||
| 020 | _a0-19-434156-9 | ||
| 040 | _cAR-BaBNM | ||
| 100 | 1 | _aZion Brauer, Jane | |
| 245 | 0 | 0 |
_aBig bird's yellow book _bteacher's book, children's television workshop |
| 260 |
_aOxford _bOxford University Press _c1984 |
||
| 300 |
_a72 p. _bil. |
||
| 490 | 0 | _aOpen sesame | |
| 650 | 4 | _aENSEĆANZA DE IDIOMAS | |
| 650 | 4 | _aINGLES | |
| 650 | 4 | _aGUIA DEL DOCENTE | |
| 650 | 4 | _aVOCABULARIO | |
| 650 | 4 | _aGRAMATICA | |
| 650 | 4 | _aLIBROS DE TEXTO | |
| 653 | _aEDUCACION GENERAL BASICA | ||
| 700 | 1 |
_aBurns, Jonathan _eilustrador |
|
| 700 | 1 |
_aEubank, Mary Grace _eilustrador |
|
| 700 | 1 |
_aGothard, David _eilustrador |
|
| 942 | _cBK | ||
| 998 | _cRAQUEL | ||
| 999 |
_c11167 _d11167 |
||